• 首页
  • 本馆介绍
  • 公告通知
  • 最新文献
  • 馆藏检索
  • 电子资源
  • 读者导购
  • 参考咨询
  • 我的图书馆
  • 登录
  • 详细信息显示
  • 放入我的书架
  • 预约/预借图书
  • 作者相关作品
  • 分类相关作品
  • 丛书相关作品
  • 出版社相关作品

书目信息

  • 表格格式
  • 工作单格式
  • 卡片格式
题名:
微生物基础及应用
    
 
作者: 刘建峰 , 廖湘萍 主编
分册:  
出版信息: 北京   高等教育出版社  2021.1
页数: 222页
开本: 26cm
丛书名:
单 册:
中图分类: Q93
科图分类:
主题词: 微生物学--职业教育--教材
电子资源:
ISBN: 978-7-04-052049-1
000 00976nam0 2200265 45
001 012001002753
005 20211020084408.30
010    @a978-7-04-052049-1@dCNY32.00
100    @a20190929d2019 em y0chiy50 ea
101 0  @achi
102    @aCN@b110000
105    @aa z 000yy
106    @ar
200 1  @a微生物基础及应用@Awei sheng wu ji chu ji ying yong@b专著@f刘建峰,廖湘萍主编
205    @a2版
210    @a北京@c高等教育出版社@d2021.1
215    @a222页@c图@d26cm
300    @a“十二五”职业教育国家规划立项教材 食品生物工艺/食品加工技术专业
330    @a本书共分为4个项目,系统地介绍了微生物的分类、微生物的培养、微生物的筛选和保藏及微生物在常见产品中的应用等方面的内容,同时以知识链接或拓展阅读的形式介绍了微生物学在某一领域的发展动态。
606 0  @a微生物学@x职业教育@j教材
690    @aQ93@v5
701  0 @a刘建峰@Aliu jian feng@4主编
701  0 @a廖湘萍@Aliao xiang ping@4主编
801  2 @aCN@bBJSDL@c20211018
905    @b1344789-92@dQ93@e122=2@f4
    
    微生物基础及应用/刘建峰,廖湘萍主编.-2版.-北京:高等教育出版社,2021.1
    222页:图;26cm
    “十二五”职业教育国家规划立项教材 食品生物工艺/食品加工技术专业
    
    ISBN 978-7-04-052049-1:CNY32.00
    本书共分为4个项目,系统地介绍了微生物的分类、微生物的培养、微生物的筛选和保藏及微生物在常见产品中的应用等方面的内容,同时以知识链接或拓展阅读的形式介绍了微生物学在某一领域的发展动态。
●
相关链接 在E读中查询图书 在五车中查询图书 在当当中查询图书 在豆瓣中查询图书


正题名:微生物基础及应用     索取号:Q93/122=2         预约/预借

序号 登录号 条形码 馆藏地/架位号 状态 备注
1 1344789   213447894   第二样本阅览室/ [索取号:Q93/122=2] 在馆    
2 1344790   213447901   第三借阅区/ [索取号:Q93/122=2] 在馆    
3 1344791   213447910   第三借阅区/ [索取号:Q93/122=2] 在馆    
4 1344792   213447929   第三借阅区/ [索取号:Q93/122=2] 在馆    
唐山师范学院图书馆 欢迎您!
大连网信软件有限公司© 版权所有